|
|
|
|
| LEADER |
00000nab a2200000 a 4500 |
| 001 |
vtls000849927 |
| 003 |
SK-MaSNL |
| 005 |
20260304172832.0 |
| 008 |
250526c2003 xo 0 slo |
| 015 |
|
|
|a SNBRB2003/10-29631
|
| 035 |
|
|
|a CLN000201582
|
| 035 |
|
|
|a urn:nbn:sk:snk-ab27q5
|
| 035 |
|
|
|a (urnnbn)urn:nbn:sk:snk:ar-a01w8m
|
| 035 |
|
|
|a (uuid)2a702a7a-1943-40e7-8bf3-363389062c00
|
| 040 |
|
|
|a SNKBUCL
|b slo
|c SNKBUCL
|e AACR2
|
| 041 |
0 |
|
|a slo
|
| 044 |
|
|
|a xo
|c SK
|
| 080 |
|
|
|a 630-051
|2 UDC-MRF-SK2
|
| 080 |
|
|
|a 929 Tatík, Jozef
|2 UDC-MRF-SK2
|
| 245 |
0 |
0 |
|a Ing. Jozef Tatík, CSc.
|c [autor] Redakcia
|
| 300 |
|
|
|b Fotogr.
|
| 600 |
1 |
7 |
|a Tatík, Jozef
|d 1943-
|2 snkbucl
|9 1501673
|
| 655 |
|
7 |
|a články z novín a časopisov
|2 snkbucl
|9 267496
|
| 773 |
0 |
|
|t Slovenské lesokruhy
|g Č. 7-8 (2003), s. 27
|x 1336-0612
|
| 850 |
|
|
|a Slovenská národná knižnica
|
| 852 |
|
|
|a Slovenská národná knižnica
|
| 954 |
|
|
|a odborná, vedecká literatúra pôvodná (slovenská)
|2 lita
|
| 958 |
|
|
|a ONDV
|
| 958 |
|
|
|a article27
|
| 958 |
|
|
|a BX
|
| 958 |
|
|
|a RBX
|
| 999 |
|
|
|c 3000296
|d 3002226
|